|
|
|
|
| LEADER |
01381nam a2200361 a 4500 |
| 001 |
000664049 |
| 003 |
CZ BrMZK |
| 005 |
20040324081616.0 |
| 007 |
ta |
| 008 |
030331s2002 xr a e p 000 0 cze d |
| 015 |
|
|
|a cnb001241760
|
| 020 |
|
|
|a 80-7318-114-2
|q (brož.)
|
| 035 |
|
|
|a (OCoLC)53267189
|
| 040 |
|
|
|a BOA001
|b cze
|
| 072 |
|
7 |
|a 004.7
|x Počítačové sítě
|2 Konspekt
|9 23
|
| 080 |
|
|
|a 658.8:004.738.5
|2 MRF
|
| 080 |
|
|
|a (075.8)
|2 MRF
|
| 100 |
1 |
|
|a Kuba, Martin,
|d 1971-
|7 xx0007915
|4 aut
|
| 245 |
1 |
0 |
|a Elektronický marketing /
|c Martin Kuba
|
| 250 |
|
|
|a Vyd. 1.
|
| 260 |
|
|
|a Zlín :
|b Univerzita Tomáše Bati, Fakulta multimediálních komunikací,
|c 2002
|
| 300 |
|
|
|a 118 s. :
|b il. ;
|c 30 cm
|
| 490 |
1 |
|
|a Učební texty vysokých škol
|
| 500 |
|
|
|a 150 výtisků
|
| 504 |
|
|
|a Obsahuje bibliografie
|
| 650 |
0 |
7 |
|a internetový marketing
|7 ph137251
|2 czenas
|
| 655 |
|
7 |
|a učebnice vysokých škol
|7 fd133772
|2 czenas
|
| 710 |
2 |
|
|a Univerzita Tomáše Bati ve Zlíně.
|b Fakulta multimediálních komunikací
|7 kn20020610008
|
| 810 |
2 |
|
|a Univerzita Tomáše Bati ve Zlíně.
|t Učební texty
|0 s
|
| 910 |
|
|
|a BOA001
|b 3-1116.121
|
| 990 |
|
|
|a BK
|
| 996 |
6 |
|
|b 2610185123
|c 3-1116.121
|l MZK
|r Sklad / do 1 hodiny
|n 10
|p p.v.
|w 000664049
|u 000010
|a 1
|e BOA001
|j MZK50
|s P
|
| 996 |
7 |
|
|b 2610185817
|c 3-1116.121
|l MZK
|r Sklad / do 1 hodiny
|n 42
|p kup
|w 000664049
|u 000020
|a 1
|e BOA001
|j MZK50
|s A
|